00935nam a22002657a 450000500170000000800410001702000180005804000090007608200210008510000330010624500890013925000270022826000500025530000480030550000200035365000170037365000140039065000230040470000340042770000280046194000090048994200340049895201220053299900150065420230512222102.0180521t xxu||||| |||| 00| 0 eng d a9781133018216 cCSPC0 a616.855 bSe429e aSeikel, J. Anthony,eauthor.00aEssentials of anatomy and physiology for communication disorders/cJ. Anthony Seikel aSecond (2nd)bedition. aAustralia :bDelmar Cengage Learning ;c2013. axiv, 432 pages :bfigures, tables ;c24 cm. aIncludes Index.10aPhysiology. 10aAnatomy. 10aLanguage disorder.1 aDrumright, David G.,eauthor.1 aSeikel, Paula,eauthor. ayves cBOOKjNUR 616.855 Se429e 2013 00104070aCSPCbCSPCcUTHd2023-05-12l0oNUR 616.855 Se429e 2013p018669r2023-05-12 00:00:00t1-1w2023-05-12yBK c4655d4655